Retroalimentación auditiva en la interfaz cerebro computador
Bewaard in:
| Hoofdauteur: | |
|---|---|
| Andere auteurs: | , , |
| Formaat: | Boek |
| Taal: | Spanish |
| Gepubliceerd in: |
[San José , Costa Rica]
2016
|
| Onderwerpen: |
PERCEPCION AUDITIVA - SIMULACION POR COMPUTADORA
> ALGORITMOS
> PROCESAMIENTO DE SEÑALES
> INTERFASES CEREBRO-COMPUTADORA
> REDES NEURALES (COMPUTADORAS)
> PROCESAMIENTO DE SEÑALES - PROCESAMIENTO DE DATOS
> PROCESAMIENTO DE SEÑALES - MODELOS MATEMATICOS
> ELECTROENCEFALOGRAFIA
> INTERACCION HUMANA CON LAS COMPUTADORAS
|
| Tags: |
Voeg label toe
Geen labels, Wees de eerste die dit record labelt!
|
MARC
| LEADER | 00000nam a22000007a 4500 | ||
|---|---|---|---|
| 003 | 012697 | ||
| 005 | 20230831142905.0 | ||
| 008 | 170928b2016 cr a|||| m||| 00| ||spa d | ||
| 040 | |c cru CEDI | ||
| 090 | |a TFG 7848 | ||
| 100 | |9 1750 |a Rivera Valverde, Francisco | ||
| 245 | |a Retroalimentación auditiva en la interfaz cerebro computador | ||
| 260 | |a [San José , Costa Rica] |c 2016 | ||
| 300 | |a xi,84 hojas : ilustraciones | ||
| 500 | |a Seminario de graduación (licenciatura en ingeniería eléctrica)--Universidad de Costa Rica. Facultad de Ingeniería. Escuela de Ingeniería Eléctrica | ||
| 501 | |a Director de Seminario de Graduación: Dr. Lochi Yu Lo | ||
| 650 | |x PERCEPCION AUDITIVA - SIMULACION POR COMPUTADORA |x ALGORITMOS |x PROCESAMIENTO DE SEÑALES |x INTERFASES CEREBRO-COMPUTADORA |x REDES NEURALES (COMPUTADORAS) |x PROCESAMIENTO DE SEÑALES - PROCESAMIENTO DE DATOS |x PROCESAMIENTO DE SEÑALES - MODELOS MATEMATICOS |x ELECTROENCEFALOGRAFIA |x INTERACCION HUMANA CON LAS COMPUTADORAS |9 9971 | ||
| 700 | |9 1356 |a Sánchez Blagoeva, Gabriel Santos, 1989- | ||
| 700 | |9 1355 |a Zavala Morales, Queene, 1989- | ||
| 700 | |9 840 |a Lochi Yu Lo, |d Director del TFG | ||
| 942 | |c CEDI | ||
| 999 | |c 19037 |d 19037 | ||
